Sports Quiz

Random Sports or Football Quiz

1970 AL Opening Day Lineups Quiz Stats

Quiz not verified by Sporcle

Challenge
Share
Tweet
Embed
Score 0/120 Timer 12:00
0 Plays Today
Team Player % Correct
AthleticsReggie Jackson
96.2%
OriolesBrooks Robinson
95.5%
OriolesFrank Robinson
95.5%
Red SoxCarl Yastrzemski
93.7%
SenatorsTed Williams
92%
TwinsHarmon Killebrew
92%
White SoxWalt Williams
92%
OriolesBoog Powell
91%
AngelsAlex Johnson
90.7%
OriolesDavey Johnson
90.7%
White SoxTommy John
90.1%
TwinsRod Carew
89.4%
TigersAl Kaline
88.6%
YankeesThurman Munson
87.9%
AthleticsSal Bando
87.5%
OriolesMark Belanger
87.1%
AthleticsBert Campaneris
86.7%
YankeesRoy White
86.2%
Red SoxReggie Smith
85.9%
TigersMayo Smith
85.8%
OriolesEarl Weaver
85.4%
TigersNorm Cash
82.6%
OriolesPaul Blair
82.1%
OriolesDave McNally
82%
TwinsTony Oliva
81.6%
Red SoxGeorge Scott
81%
Red SoxRico Petrocelli
80.5%
AthleticsDick Green
80.2%
TigersWillie Horton
78.6%
IndiansTony Horton
78.6%
TigersBill Freehan
78.5%
SenatorsFrank Howard
77.6%
TigersMickey Lolich
76%
YankeesBobby Murcer
75.8%
AngelsJim Fregosi
72.6%
White SoxCarlos May
72.2%
YankeesHorace Clarke
70.8%
OriolesAndy Etchebarren
70.8%
RoyalsAmos Otis
70.4%
OriolesDon Buford
68.5%
Team Player % Correct
TigersDick McAuliffe
67.3%
White SoxLuis Aparicio
67.3%
SenatorsHank Allen
66.4%
RoyalsEllie Rodriguez
66.2%
AngelsAurelio Rodriguez
66.2%
White SoxBill Melton
65.2%
IndiansGraig Nettles
65.1%
TigersDalton Jones
64.9%
RoyalsLou Piniella
64.3%
TigersJim Northrup
64.1%
YankeesMel Stottlemyre
63.8%
Red SoxTony Conigliaro
63.3%
IndiansRay Fosse
63.2%
TwinsJim Perry
63%
YankeesRalph Houk
62.2%
AthleticsBlue Moon Odom
58.9%
SenatorsMike Epstein
58.8%
TwinsCesar Tovar
57.7%
SenatorsEd Brinkman
57%
AthleticsDon Mincher
56.4%
IndiansSam McDowell
55.3%
Red SoxMike Andrews
54.5%
YankeesGene Michael
53.9%
BrewersTommy Harper
52.4%
AthleticsFelipe Alou
49.8%
AthleticsRick Monday
49.4%
IndiansAl Dark
48.7%
TwinsGeorge Mitterwald
46.4%
AngelsSandy Alomar
44%
AngelsJim Spencer
41.3%
RoyalsBob Oliver
40%
TwinsLeo Cardenas
39.8%
TwinsRich Reese
38.1%
SenatorsKen McMullen
37.6%
SenatorsPaul Casanova
36.8%
YankeesDanny Cater
36.7%
SenatorsDave Nelson
34.9%
SenatorsDick Bosman
33.4%
SenatorsDel Unser
33.1%
AngelsAndy Messersmith
33.1%
Team Player % Correct
YankeesJohn Ellis
32.4%
RoyalsJackie Hernandez
32%
RoyalsPat Kelly
30.1%
BrewersMike Hegan
30%
Red SoxEddie Kasko
29.8%
AthleticsFrank Fernandez
29.7%
TwinsBill Rigney
29.4%
AngelsLefty Phillips
29.2%
Red SoxGary Peters
28.5%
AthleticsJohn McNamara
28%
White SoxDuane Josephson
27.7%
IndiansTed Ford
26.8%
YankeesCurt Blefary
26%
IndiansEddie Leon
26%
BrewersDave Bristol
24.6%
IndiansRoy Foster
23.9%
AngelsJoe Azcue
23.6%
AngelsRoger Repoz
23.1%
BrewersSteve Hovley
21.3%
BrewersJerry McNertney
20.9%
IndiansTed Uhlaender
20.3%
Red SoxJerry Moses
19.8%
BrewersMax Alvis
19.8%
RoyalsCharlie Metro
18.3%
TwinsBrant Alyea
18%
TigersCesar Gutierrez
17.5%
White SoxBuddy Bradford
16.6%
RoyalsWally Bunker
16%
White SoxDon Gutteridge
15.1%
BrewersDanny Walton
14.9%
Red SoxLuis Alvarado
14.7%
RoyalsMike Fiore
14.6%
AngelsBill Voss
14.2%
BrewersTed Kubiak
13.8%
IndiansJack Heidemann
13.5%
White SoxSyd O'Brien
11.6%
BrewersLew Krausse
10.4%
BrewersRuss Snyder
8.3%
White SoxJohn Matias
5.7%
RoyalsLuis Alcaraz
5%

You're not logged in!

Compare scores with friends on all Sporcle quizzes.
Sign Up with Email
OR
Log In

You Might Also Like...

Show Comments

Extras

Top Quizzes Today


Score Distribution

Your Account Isn't Verified!

In order to create a playlist on Sporcle, you need to verify the email address you used during registration. Go to your Sporcle Settings to finish the process.